banner-ar

تاريخ الامة المسلمة الواحدة منذ اقدم عصورها وحتى القرن السابع قبل الهجرة فى مصر والعراق / (Record no. 53489)

MARC details
000 -الفاتح
حقل البيانات ثابتة الطول 01048nam a2200265Ia 4500
005 - وقت وتاريخ اخر تعامل مع التسجيلة
رقم الضبط 20240530105135.0
008 - عناصر البيانات ثابتة الطول - معلومات عامة
حقل البيانات ثابتة الطول 140319s9999 xx 000 0 ara d
040 ## - مصدر الفهرسة
وكالة الفهرسة الأصلية GCL /
وكالة النسخ GCL
082 04 - رقم تصنيف ديوى العشرى
رقم التصنيف 953
رقم المادة ج ت
100 0# - المدخل الرئيسى - إسم شخصى
الإسم الشخصى جمال عبدالهادى محمد مسعود
245 10 - بيان العنوان
العنوان تاريخ الامة المسلمة الواحدة منذ اقدم عصورها وحتى القرن السابع قبل الهجرة فى مصر والعراق /
بيان المسئوليه,etc جمال عبدالهادى محمد مسعود ، وفاء محمد رفعت جمعة
250 ## - بيان الطبعة
بيان الطبعة ط.1
260 ## - PUBLICATION, DISTRIBUTION, ETC. (IMPRINT)
تاريخ النشر أو التوزيع 1991
300 ## - الوصف المادى
التعداد 438 ص
490 0# - بيان السلسلة
عنوان السلسلة اخطاء يجب ان تصحح فى التاريخ
650 04 - المدخل الاضافى بالموضوع-مصطلح موضوعى
مصطلح موضوعي مصر
650 04 - المدخل الاضافى بالموضوع-مصطلح موضوعى
مصطلح موضوعي تاريخ
650 04 - المدخل الاضافى بالموضوع-مصطلح موضوعى
مصطلح موضوعي الانبياء
650 04 - المدخل الاضافى بالموضوع-مصطلح موضوعى
مصطلح موضوعي مصر القديمة
650 04 - المدخل الاضافى بالموضوع-مصطلح موضوعى
مصطلح موضوعي القصص الدينية
650 04 - المدخل الاضافى بالموضوع-مصطلح موضوعى
مصطلح موضوعي العراق القديم - تاريخ
700 0# - المدخل الاضافى - اسم شخصى
الإسم الشخصى وفاء محمد رفعت جمعة
942 ## - عناصر المدخل الإضافي( كوها)
مصدر التصنيف او مخطط الترفيف Dewey Decimal Classification
Koha [default] item type كتاب
260 ## - PUBLICATION, DISTRIBUTION, ETC. (IMPRINT)
-- [S.N] :
-- دار الوفاء للطباعة والنشر والتوزيع ،
Holdings
حالة التراجع حالة الفقد حالة تلف ليس للاعارة المكان المؤقت الموقع الحالى تاريخ الاكتساب اجمالي اﻻعارات رقم الطلب الباركود تاريخ اخر مشاهدة تاريخ تفعيل السعر نوع وعاء كوها
        مكتبة القاهرة الكبرى مكتبة القاهرة الكبرى 03/26/2014   953\ج ت 128335 03/26/2014 03/26/2014 كتاب
        مكتبة القاهرة الكبرى مكتبة القاهرة الكبرى 03/26/2014   953\ج ت 128336 03/26/2014 03/26/2014 كتاب

Powered By

EGPV